| 000 | 00686nam a2200181Ia 4500 | ||
|---|---|---|---|
| 008 | 090124s9999 xx 000 0 und d | ||
| 082 |
_b24016 _a6644 |
||
| 100 | _aरानडे फिरोज | ||
| 245 | _a काबूल कंदाहार कडील कथा (कथासंग्रह) | ||
| 250 | _a1 | ||
| 260 | _c1983 | ||
| 300 | _a140 | ||
| 600 | _aरानडे फिरोज | ||
| 630 | _a काबूल कंदाहार कडील कथा (कथासंग्रह) | ||
| 700 | _aरानडे फिरोज | ||
| 730 | _a काबूल कंदाहार कडील कथा (कथासंग्रह) | ||
| 942 | _cBOOK | ||
| 999 |
_c137594 _d137594 |
||